<?xml version="1.0" encoding="UTF-8"?>
<record
    xmlns:xsi="http://www.w3.org/2001/XMLSchema-instance"
    xsi:schemaLocation="http://www.loc.gov/MARC21/slim http://www.loc.gov/standards/marcxml/schema/MARC21slim.xsd"
    xmlns="http://www.loc.gov/MARC21/slim">

  <leader>00957cam a22002771  4500</leader>
  <controlfield tag="001">sa 67004833 </controlfield>
  <controlfield tag="003">DLC</controlfield>
  <controlfield tag="005">20260227112351.0</controlfield>
  <controlfield tag="008">870411s1965    ii ac         000 0 hin  </controlfield>
  <datafield tag="010" ind1=" " ind2=" ">
    <subfield code="a">sa 67004833 </subfield>
  </datafield>
  <datafield tag="035" ind1=" " ind2=" ">
    <subfield code="a">(OCoLC)15517101</subfield>
  </datafield>
  <datafield tag="040" ind1=" " ind2=" ">
    <subfield code="a">DLC</subfield>
    <subfield code="c">NRU</subfield>
    <subfield code="d">NRU</subfield>
    <subfield code="d">DLC</subfield>
  </datafield>
  <datafield tag="042" ind1=" " ind2=" ">
    <subfield code="a">premarc</subfield>
  </datafield>
  <datafield tag="050" ind1="0" ind2="0">
    <subfield code="a">DS479.1.L27</subfield>
    <subfield code="b">M6</subfield>
  </datafield>
  <datafield tag="100" ind1="0" ind2=" ">
    <subfield code="a">Mohana L&#x101;la,</subfield>
    <subfield code="d">1899-</subfield>
  </datafield>
  <datafield tag="245" ind1="1" ind2="0">
    <subfield code="a">L&#x101;la Lajapatar&#x101;ya: j&#x12B;vana aura k&#x101;rya.</subfield>
    <subfield code="c">Lekhaka Mohanal&#x101;la.</subfield>
  </datafield>
  <datafield tag="250" ind1=" " ind2=" ">
    <subfield code="a">[1. sa&#x1E43;skara&#x1E47;a]</subfield>
  </datafield>
  <datafield tag="260" ind1=" " ind2=" ">
    <subfield code="a">Ho&#x15B;i&#x101;rapura [Bh&#x101;rat]</subfield>
    <subfield code="b">Vi&#x15B;ve&#x15B;var&#x101;nanda Vaidika &#x15A;odha Sa&#x1E43;sth&#x101;na,</subfield>
    <subfield code="c">1965.</subfield>
  </datafield>
  <datafield tag="300" ind1=" " ind2=" ">
    <subfield code="a">159 p.</subfield>
    <subfield code="b">illus., ports.</subfield>
    <subfield code="c">19 cm.</subfield>
  </datafield>
  <datafield tag="490" ind1="1" ind2=" ">
    <subfield code="a">Sarvad&#x101;nanda vi&#x15B;va grantham&#x101;l&#x101;,</subfield>
    <subfield code="v">50</subfield>
  </datafield>
  <datafield tag="490" ind1="1" ind2=" ">
    <subfield code="a">Vi&#x15B;ve&#x15B;var&#x101;nanda Sa&#x1E43;sth&#x101;na prak&#x101;&#x15B;ana,</subfield>
    <subfield code="v">358</subfield>
  </datafield>
  <datafield tag="500" ind1=" " ind2=" ">
    <subfield code="a">In Hindi.</subfield>
  </datafield>
  <datafield tag="600" ind1="0" ind2="0">
    <subfield code="a">Lajpat Rai,</subfield>
    <subfield code="c">Lala,</subfield>
    <subfield code="d">1865-1928.</subfield>
  </datafield>
  <datafield tag="830" ind1=" " ind2="0">
    <subfield code="a">Sarvad&#x101;nanda-vi&#x15B;va-grantham&#x101;l&#x101; ;</subfield>
    <subfield code="v">50.</subfield>
  </datafield>
  <datafield tag="830" ind1=" " ind2="0">
    <subfield code="a">Vishveshvaranand Vedic Research Institute publication ;</subfield>
    <subfield code="v">358.</subfield>
  </datafield>
  <datafield tag="999" ind1=" " ind2=" ">
    <subfield code="c">74796</subfield>
    <subfield code="d">74796</subfield>
  </datafield>
</record>
